<?xml version="1.0" encoding="UTF-8"?><?xml-stylesheet type="text/xsl" href="static/style.xsl"?><OAI-PMH xmlns="http://www.openarchives.org/OAI/2.0/" xmlns:xsi="http://www.w3.org/2001/XMLSchema-instance" xsi:schemaLocation="http://www.openarchives.org/OAI/2.0/ http://www.openarchives.org/OAI/2.0/OAI-PMH.xsd"><responseDate>2026-04-30T05:17:15Z</responseDate><request verb="GetRecord" identifier="oai:uvadoc.uva.es:10324/4467" metadataPrefix="marc">https://uvadoc.uva.es/oai/request</request><GetRecord><record><header><identifier>oai:uvadoc.uva.es:10324/4467</identifier><datestamp>2021-06-18T09:26:17Z</datestamp><setSpec>com_10324_38</setSpec><setSpec>col_10324_787</setSpec></header><metadata><record xmlns="http://www.loc.gov/MARC21/slim" xmlns:doc="http://www.lyncode.com/xoai" xmlns:xsi="http://www.w3.org/2001/XMLSchema-instance" xmlns:dcterms="http://purl.org/dc/terms/" xsi:schemaLocation="http://www.loc.gov/MARC21/slim http://www.loc.gov/standards/marcxml/schema/MARC21slim.xsd">
<leader>00925njm 22002777a 4500</leader>
<datafield tag="042" ind1=" " ind2=" ">
<subfield code="a">dc</subfield>
</datafield>
<datafield tag="720" ind1=" " ind2=" ">
<subfield code="a">Sosa Ramírez, José Ángel</subfield>
<subfield code="e">author</subfield>
</datafield>
<datafield tag="260" ind1=" " ind2=" ">
<subfield code="c">2013</subfield>
</datafield>
<datafield tag="520" ind1=" " ind2=" ">
<subfield code="a">La telemedicina utiliza los recursos tecnológicos disponibles para crear herramientas destinadas a mejorar los servicios de salud y la formación del personal sanitario. Estas herramientas nacen generalmente como proyectos financiados por organismos en su mayoría públicos, quienes exigen documentación detallada sobre el proyecto para su financiamiento. La elaboración de esta documentación y la gestión de las actividades del proyecto son tareas complejas y costosas, y actualmente no existe una herramienta que pueda ofrecer respuestas a estas necesidades. Por ello este trabajo presenta una solución basada en la web que permite realizar la gestión y planificación de proyectos de telemedicina, capaz de elaborar la documentación requerida con sus estimaciones, y asistir al gerente de proyectos en la distribución de los recursos disponibles.</subfield>
</datafield>
<datafield tag="024" ind2=" " ind1="8">
<subfield code="a">http://uvadoc.uva.es/handle/10324/4467</subfield>
</datafield>
<datafield ind1=" " ind2=" " tag="653">
<subfield code="a">Telemedicina</subfield>
</datafield>
<datafield tag="245" ind1="0" ind2="0">
<subfield code="a">Sistema web para la gestión de proyectos de telemedicina</subfield>
</datafield>
</record></metadata></record></GetRecord></OAI-PMH>